000
00312nam a2200145Ia 4500
100
_a
Curtin/ P.Dennis.
942
_c
RB
366
_f
15
654
_a
Information Technology
245
_a
Information technology
260
_b
Tata McGraw Hill
_a
New Delhi
082
_a
4
300
_a
300
546
_a
ENGLISH
999
_c
20603
_d
20603